Statistics for The Ultimate Avengers Quiz 🎬

Click here to take the quiz!

General Stats

  • This quiz has been taken 29 times
  • The average score is 11 of 30

Answer Stats

HintAnswer% Correct
Which Norse God inspired a character that is a member of The Avengers team?Thor
96%
Which actress plays the lead female role in The Avengers?Scarlett Johansson
85%
What is the superhero name of the character known as Bruce Banner?The hulk
85%
How many members of The Avengers team are there?6
73%
What is the relation between characters Loki and Thor in The Avengers?Brothers
73%
Which actor plays the role of Captain America in The Avengers?Chris Evans
73%
Which actor performs the role of Hawkeye in The Avengers?Jeremy Renner
69%
How many appearances in the same role in Marvel Movies did Samuel L. Jackson have after The Avengers?5
65%
What is the name of Toni Stark's romantic interest in The Avengers?Pepper Potts
65%
In which country was The Avengers film produced?US
62%
In which month of 2012 was The Avengers film released?May
58%
Which studio produced The Avengers?Marvel Studio
54%
How many tracks are there on the original soundtrack for The Avengers?18
38%
How many days did it take for The Avengers to earn $1 billion?19
35%
How old was Robert Downey Jr. when The Avengers was released?47
35%
What is the name of the alien race invading Earth in The Avengers?Chitauri
35%
What is the name of the main character in The Avengers?Toni Stark
15%
Which superhero appears in the sequel but not the original The Avengers film?War Machine
15%
When was the idea for The Avengers first discussed?2003
8%
Which creatures form a villain army in The Avengers?Aliens
8%
What is the name of the aircraft used by the Avengers team?Helicarrier
8%
In which country was The Avengers released under the alternative title 'Avengers Assemble!'?Ireland
4%
Which character appears in the mid-credits scene at the end of The Avengers?The Other
4%
What was the fake working title of The Avengers?Group hug
0%
Which famous actress apears in a supporting role in The Avengers?Gwynet Paltrow
0%
Which chemical element is featured in the plot of The Avengers?Iridium
0%
What was the name of the short film included in The Avengers Blue Ray edition?Item 47
0%
Which artist was responsible for the original look of the Iron Man?Jack Kirby
0%
Which band released a song titled 'Live to Rise' inspired by The Avengers?Soundgarden
0%
Which famous actor doesn't appear in The Avengers?Sylvester Stalone
0%

Score Distribution

Percentile by Number Answered

Percent of People with Each Score

Your Score History

You have not taken this quiz